000 01258nam a2200373 i 4500
001 19618
003 KOSZ 005
005 20220117120744.0
008 000114s1980 pl a f f |000 0 pol
015 _aPB 1981/523
035 _a(OCoLC)830249326
040 _aWA N
_cWA N
_dKOSZ 005/HR
041 0 _apol
046 _k1980
080 _a004.31
080 _a621.3.037.37
080 _a(075.8)
100 1 _aBarski, Mariusz
_eAutor
245 1 0 _aUkłady cyfrowe i mikroprocesory :
_bskrypt przeznaczony jest dla studentów II i III roku Wydziału Elektroniki /
_cMariusz Barski, Wojciech Jędruch ; Politechnika Gdańska.
260 _aGdańsk :
_bWydaw. PG,
_c1980.
300 _a299 s. :
_bil., tab., wykr. ;
_c24 cm.
380 _aKsiążki
388 _a1901-2000
388 _a1945-1989
504 _aBibliogr. s. 298-299.
650 4 _aUkład cyfrowy
650 4 _aMikroprocesor
655 4 _aPodręczniki akademickie
658 _aInżynieria i technika
700 1 _aJędruch, Wojciech
_eAutor
710 2 _aWydawnictwo Politechniki Gdańskiej
_4pbl.
856 _uhttp://koha.tu.koszalin.pl/cgi-bin/koha/opac-detail.pl?biblionumber=19618
_yKatalog online BPK
942 _2UKD
_cKS
999 _c19618
_d19618